[Event "Groningen op"]
[Site "Groningen"]
[Date "1994.??.??"]
[Round "10"]
[White "Rubene, Ilze"]
[Black "Marcelin, Cyril"]
[Result "1-0"]
[WhiteElo "2255"]
[BlackElo "2215"]
[PlyCount "121"]
[EventDate "1994.12.??"]
[EventType "swiss"]
[EventRounds "11"]
[EventCountry "NED"]
[SourceTitle "EXT 1997"]
[Source "ChessBase"]
[SourceDate "1996.11.15"]
[SourceVersion "1"]
[SourceVersionDate "1996.11.15"]
[SourceQuality "1"]

1. d4 d5 2. Nf3 Nf6 3. c4 c6 4. Nc3 e6 5. cxd5 cxd5 6. Bf4 Nc6 7. e3 a6 8. Be2 Be7 9. 0-0 0-0 10. Rc1 Bd7 11. Ne5 Rc8 12. a3 Re8 13. b4 Na7 14. Qb3 Qb6 15. Rc2 Bb5 16. Bxb5 axb5 17. Nd3 Ra8 18. Nc5 Nc6 19. h3 Red8 20. Rd1 h6 21. Rcd2 Bd6 22. Bxd6 Rxd6 23. f3 Rad8 24. Ne2 e5 25. Qd3 g6 26. Nc3 exd4 27. exd4 Na7 28. Re1 Qc6 29. Re7 Rb8 30. Ne2 Nc8 31. Re5 b6 32. Nb3 Rd8 33. Rc2 Qd7 34. Qd2 Kg7 35. Qc1 Rb7 36. Nf4 Ne7 37. g4 g5 38. Ne2 Ng6 39. Ng3 Nxe5 40. dxe5 Ng8 41. Nd4 Kh8 42. Ngf5 Ra8 43. h4 Qe8 44. hxg5 Re7 45. Nxe7 Qxe7 46. f4 Qd7 47. Nf5 d4 48. Rd2 Qd5 49. Nxd4 Qe4 50. Rd1 hxg5 51. Qc3 Qxf4 52. Qh3+ Kg7 53. e6 Rxa3 54. Qxa3 Qxg4+ 55. Kf2 Qxd1 56. Qc3 fxe6 57. Nxe6+ Kf7 58. Nxg5+ Kg6 59. Ne4 Nh6 60. Qf6+ Kh5 61. Qg5# 1-0